Statistics for Roman Numerals To Decimal Numbers

Click here to take the quiz!

General Stats

  • This quiz has been taken 193 times
  • The average score is 12 of 15

Answer Stats

RomanDecimal% Correct
XLII42
96%
CCXV215
95%
IX9
86%
XXIII23
85%
XXXVI36
85%
XXXIX39
85%
LI51
84%
LIX59
84%
LXXXV85
83%
XLIV44
82%
DC600
81%
CM900
81%
XCVIII98
81%
MCVII1107
79%
LXVI61
19%

Score Distribution

Percentile by Number Answered

Percent of People with Each Score

Your Score History

You have not taken this quiz